000 00997cam a2200301 a 4500
999 _c2514
_d2514
001 2514
003 BD-JhCC
005 20210923134021.0
008 100329s2010 bg b bsa 000 0 eng
020 _a9789848815229
035 _a(BD-JhCC)2514
040 _aDLC
_cDLC
_dDLC
041 _aeng
050 0 0 _aQC903.2.B353
_bI85 2010
082 _a333.714
_bISL 2010
100 1 _aIslam, Tawhidul.
245 1 0 _aClimate change in Bangladesh :
_ba closer look into temperature and rainfall data /
_cTawhidul Islam, Ananta Neelim.
260 _aDhaka :
_bUniversity Press,
_c2010.
300 _aviii, 80 p. :
_bcol. maps ;
_c25 cm.
500 _aChiefly statistical tables.
504 _aIncludes bibliographical references (p. 78-80).
650 0 0 _aClimatic changes
_zBangladesh.
650 0 0 _aClimatic changes
_zBangladesh
_vStatistics.
650 0 _aRain and rainfall
_zBangladesh.
650 0 _aRain and rainfall
_zBangladesh
_vStatistics.
700 1 _aNeelim, Ananta.
942 _2ddc
_cBK
_01